El retrato del artista adolescente /

Con Retrato del artista adolescente, una novela con retazos autobiográficos, James Joyce presenta, de una manera penetrante y divertida, el paso por la crisis de la adolescencia. La obra se puede leer como un Bildungsroman (o novela de la juventud), centrada en la eclosión del artista. En este caso,...

Full description

Bibliographic Details
Main Author: Joyce, James 1882-1941
Format: Libro
Language:Spanish
Published: Barcelona Orbis 1982
Subjects:
Online Access:

MARC

LEADER 00000cam a2200000 a 4500
001 021108
003 UAHC_CL
005 20170803121945.0
008 140926s1982 sp 000 1 spa
020 |a 8475300537 
040 |a UAHC_CL  |c UAHC_CL  |d UAHC_CL 
082 0 4 |a 823  |b J89  |2 20 
100 1 |a Joyce, James  |d 1882-1941. 
245 1 3 |a El retrato del artista adolescente /  |c James Joyce. 
260 |b Orbis  |a Barcelona  |c 1982 
300 |a 303 p. 
520 |a Con Retrato del artista adolescente, una novela con retazos autobiográficos, James Joyce presenta, de una manera penetrante y divertida, el paso por la crisis de la adolescencia. La obra se puede leer como un Bildungsroman (o novela de la juventud), centrada en la eclosión del artista. En este caso, la tradición católica y la agitación nacionalista surgen en el primer plano de una lucha que, más allá de los convencionalismos, quiere encontrar una forma de expresión que acompañe el protagonista hasta el umbral de la edad adulta. 
650 4 |a NOVELAS INGLESAS 
900 |a 823 JOY 
942 |c BK 
952 |0 0  |1 0  |4 0  |6 823_000000000000000_JOY  |7 0  |8 General  |9 42051  |a BC  |b BC  |c General  |d 2017-08-03  |l 2  |m 4  |o 823 JOY  |p 1408242  |r 2025-11-26 00:00:00  |s 2018-03-21  |t 1  |w 2017-08-03  |y BK 
999 |c 21108  |d 21108